000 00910nam a22002777a 4500
001 BR0804673
003 BR-BrBNA
005 20230928102637.0
007 ta
008 230509b bl.||||| |||| 00| 0 por d
040 _aBR-BrBNA
_bpor
_cBiblioteca Nacional de Agricultura
041 _a(Por)
072 _aE14; F06
090 _ E14 BR0804673
110 1 _aMinistério da Agricultura e do Abastecimento, Brasília, DF (Brasil)
_96726
245 1 _aProjeto de apoio ao planejamento do desenvolvimento da fruticultura irrigada do estado do Rio Grande do Norte e elementos de mercado
_bInstituto Brasileiro de Frutas; (CD-ROM)
260 3 _aBrasília, DF (Brasil):
_c1998.
300 _a1 CD-ROM
650 _aFRUTICULTURA
650 _aIRRIGAÇÃO
650 _aPLANEJAMENTO AGRICOLA
650 _aMERCADO
650 _aRIO GRANDE DO NORTE
909 _a202309
_bLucia
_c55
_dLucia Elande
942 _cBK
999 _c71829
_d71829